| 000 | 01297nam a2200337Ia 4500 | ||
|---|---|---|---|
| 008 | 130821s1988 sp aoc gr spa | ||
| 020 |
_a84 206 5229 6 _cV.1 _c |
||
| 020 |
_a84 206 5230 X _cV.2 _c |
||
| 020 |
_a84 206 5293 8 _cObra Completa _c |
||
| 040 |
_aCo-BoUCM _bspa |
||
| 041 | 0 | 0 | _aspa |
| 100 | 1 | _aBoardman, John | |
| 245 | 1 | 0 |
_aHistoria Oxford del mundo clásico _cJohn Boardman, Jasper Griffin y Oswyn Murray ; versión española de Federico Zaragoza Alberich |
| 260 |
_aMadrid (España) _bAlianza Editorial _c1988 |
||
| 300 |
_a2 volúmenes _bilustraciones, gráficas, retratos, fotografías |
||
| 504 | _aIncluye referencias bibliográficas e índice. | ||
| 505 |
_gV.1. _tGrecia -- _gV.2 . _tRoma. |
||
| 651 |
_aGrecia _xCivilización _926629 |
||
| 651 |
_aGrecia _xHistoria _926629 |
||
| 651 |
_aGrecia _xVida social y costumbres _926629 |
||
| 651 |
_aRoma (Italia) _xCivilización |
||
| 651 |
_aRoma (Italia) _xHistoria |
||
| 651 |
_aRoma (Italia) _xVida social y costumbres |
||
| 690 |
_aHistoria de Europa _926509 |
||
| 700 | 1 | _aGriffin, Jasper | |
| 700 | 1 | _aMurray, Oswyn | |
| 700 | 1 |
_aZaragoza Alberich, Federico _etrad. |
|
| 765 | 1 | _tThe oxford history of the classical world | |
| 942 |
_cLIBRORESER _2DEWEY _a21 _e1 _h937 _mB662h |
||
| 999 |
_c75789 _d75789 |
||